00441nam a2200133Ia 4500008004100000100001600041245004500057260003600102300000800138942000700146999001500153952005900168952008000227201223s9999 xx 000 0 und d aPrakash, Om 0a(The) Dutch factories in India 1617-1623 aNew DelhibMunshiram Manoharlal a312 cBK c8522d8522 00104070aCLd2020-12-23r2020-12-23w2020-12-23yBK 00104070d2020-12-23o381.0954 P8987pPM03846r2020-12-23w2020-12-23yBK